Statistics for Japan A-Z

Click here to take the quiz!

General Stats

  • This quiz has been taken 9,823 times
  • The average score is 17 of 25

Answer Stats

Clue Answer % Correct
TCapital cityTokyo
97%
FTallest mountainFuji
95%
RLand of the ______ SunRising
95%
AJapanese animationAnime
92%
CTree with celebrated blossomsCherry
90%
GFamous movie monsterGodzilla
86%
NStealthy assassinNinja
86%
MJapanese comicsManga
83%
OSecond biggest urban areaOsaka
81%
BShinkansen trains are so fast they
are compared to these
Bullets
81%
SNational sportSumo
78%
ZType of BuddhismZen
76%
HLargest islandHonshu
72%
YThe Japanese mafiaYakuza
68%
DWay to say thanks: ____ ArigatoDomo
64%
EFormer name of TEdo
62%
JMartial art from which judo is derivedJujutsu
60%
QType of egg you might serve on sushiQuail
52%
IJapanese for "Number 1"Ichiban
47%
LPlace for a quicky: ____ HotelLove
47%
KChinese characters used in JapaneseKanji
45%
UThe flavor of MSGUmami
44%
WArtwork: The Great ____ off KanagawaWave
32%
PArcade game / gambling machinePachinko
26%
VTV cartoon about a giant robot,
redubbed in English
Voltron
15%

Score Distribution

Percentile by Number Answered

Percent of People with Each Score

Your Score History

You have not taken this quiz